Genes
| Main Author: | |
|---|---|
| Format: | Section = Libro |
| Language: | Undetermined Spanish |
| Published: |
John Wiley & Sons
1987
|
| Edition: | 3a.ed |
| Subjects: |
| LEADER | 00509nam a2200205Ia 4500 | ||
|---|---|---|---|
| 008 | 240830s9999 xx 000 0 und d | ||
| 020 | |a 0-471-83278-2 | ||
| 040 | |a CEDOC FIQ-RUSB / 570 L672 | ||
| 041 | |a spa | ||
| 082 | |a 570 L672 | ||
| 100 | 1 | |a Lewin, Benjamín | |
| 245 | 1 | 0 | |a Genes |
| 250 | |a 3a.ed | ||
| 260 | |b John Wiley & Sons |c 1987 | ||
| 300 | |a 761 p.: il. | ||
| 650 | 7 | |a CIENCIAS BIOLÓGICAS | |
| 650 | 7 | |b EL ADN COMO ALMACENAMIENTO DE INFORMACIÓN | |
| 942 | |c BK |2 ddc | ||
| 991 | |a TEXTO | ||
| 999 | |c 27171 | ||